Le drame de Varennes juin 1791 (Record no. 90644)

MARC details
000 -LEADER
campo de control de longitud fija 00893nam a2200217 i 4500
001 - NÚMERO DE CONTROL
campo de control 90644
003 - IDENTIFICADOR DE NÚMERO DE CONTROL
campo de control ES-MaACL
005 - FECHA Y HORA DE LA ÚLTIMA TRANSACCIÓN
campo de control 20250928115812.0
007 - CAMPO FIJO DE DESCRIPCIÓN FÍSICA--INFORMACIÓN GENERAL
campo de control de longitud fija t|
008 - DATOS DE LONGITUD FIJA--INFORMACIÓN GENERAL
campo de control de longitud fija 050124s1913 fr ||||1| fre d
100 1# - ENTRADA PRINCIPAL--NOMBRE DE PERSONA
Nombre de persona Lenôtre, G.
9 (RLIN) 71542
245 13 - MENCIÓN DEL TÍTULO
Título Le drame de Varennes juin 1791
Resto del título : d'après des documents inédits et les relations des témoins oculaires /
Mención de responsabilidad, etc. G. Lenôtre ; portraits, plans, dessins inédits de Gérardin ; gravures sur bois de Deloche.
260 ## - PUBLICACIÓN, DISTRIBUCIÓN, ETC.
Lugar de publicación, distribución, etc. Paris :
Nombre del editor, distribuidor, etc. Perrin,
Fecha de publicación, distribución, etc. 1913.
300 ## - DESCRIPCIÓN FÍSICA
Extensión 404 p., [8 h. de lám.] :
Otras características físicas il. ;
Dimensiones 20 cm.
600 17 - PUNTO DE ACCESO ADICIONAL DE MATERIA--NOMBRE DE PERSONA
Nombre de persona Fersen, Hans Axel von,
Fechas asociadas al nombre 1755-1810
Fuente del encabezamiento o término
9 (RLIN) 159703
600 04 - PUNTO DE ACCESO ADICIONAL DE MATERIA--NOMBRE DE PERSONA
Nombre de persona María Antonieta
Títulos y otros términos asociados al nombre Reina consorte de Luis XVI, Rey de Francia.
9 (RLIN) 76657
600 07 - PUNTO DE ACCESO ADICIONAL DE MATERIA--NOMBRE DE PERSONA
Nombre de persona Luis
Numeración XVI,
Títulos y otros términos asociados al nombre Rey de Francia
Fuente del encabezamiento o término
9 (RLIN) 152778
651 #4 - PUNTO DE ACCESO ADICIONAL DE MATERIA--NOMBRE GEOGRÁFICO
Nombre geográfico Francia-
Subdivisión general Historia-
Subdivisión cronológica 1789-1799, Revolución
9 (RLIN) 241176
852 ## - LOCALIZACIÓN
Ubicación ES-MaACL
Número de control de estantería F-4679
Holdings
Estatus retirado Estado de pérdida Estado de daño No para préstamo Biblioteca de origen Biblioteca actual Ubicación en estantería Fecha de adquisición Fuente de adquisición Total de préstamos Signatura topográfica completa Código de barras Visto por última vez Precio de reemplazo Tipo de ítem Koha
        Biblioteca del Ateneo de Madrid Biblioteca del Ateneo de Madrid Depósito 2 17/01/2008     F-4679 1094649 23/02/2023 23/02/2023 Libro impreso